| 000 | 00635nam a2200205Ia 4500 | ||
|---|---|---|---|
| 008 | 150520s9999 xx 000 0 und d | ||
| 050 | _aHF 5801 | ||
| 050 | _b.M722 2015 | ||
| 100 | _aMolina III, Marceliano N. | ||
| 245 | _aFactors that contribute to the success of republic wake park's facebook page as a marketing tool / | ||
| 245 | _cMarceliano N. Molina III. | ||
| 260 | _aLas PiƱas, Philippines : | ||
| 260 | _bSISC, | ||
| 260 | _c2015. | ||
| 300 | _a33 pages : | ||
| 300 | _billustrations (some color) ; | ||
| 300 | _c28 cm. | ||
| 500 | _aIncludes bibliographical references and appendices. | ||
| 650 | _aMarketing | ||
| 999 |
_c284082 _d284082 |
||